000 01384cam a22003375a 4500
005 20150910092953.0
008 150817t2004 -uk frb 001 0 eng d
010 _a 2004484179
020 _a0745320910
020 _a0745320902 (pbk.)
020 _a9780745320908
035 _a(OCoLC)ocm56846656
040 _aEG-ScBUE
_beng
_cEG-ScBUE
082 0 4 _a296.09569409045
_bSHA
_222
100 1 _aShahak, Israel.
245 1 0 _aJewish fundamentalism in Israel /
_cIsrael Shahak and Norton Mezvinksy.
250 _aNew ed.
260 _aLondon ;
_aAnn Arbor :
_bPluto Press,
_cc.2004.
300 _axxvi, 176 p. :
_c22 cm.
500 _aIndex : p. 169-176.
505 0 _aJewish fundamentalism within Jewish society -- The rise of the Haredim in Israel -- The two main Haredi groups -- The national religious party and the religious settlers -- The nature of Gush Emunim settlements -- The real significance of Baruch Goldstein -- The religious background of Rabin's assassination.
590 _adoaa moahamed
650 0 _aJewish fundamentalism
_zIsrael.
_2BUEsh
650 0 _aOrthodox Judaism
_zIsrael.
_2BUEsh
_99018
650 0 _aOrthodox Judaism
_xPolitical aspects
_zIsrael.
_2BUEsh
650 0 _aReligious fundamentalism
_zIsrael.
_2BUEsh
650 0 _aPolitical violence
_zIsrael.
_2BUEsh
651 _2BUEsh
653 _bBUSBOL
700 1 _aMezvinsky, Norton.
999 _c7185
_d7185